[Event "GER-chT U20 Girls"]
[Site "Torgelow"]
[Date "2006.12.30"]
[Round "7.1"]
[White "Hoffmann, Lena"]
[Black "Schulz, Stefanie"]
[Result "0-1"]
[WhiteElo "1897"]
[BlackElo "2126"]
[PlyCount "136"]
[EventDate "2006.12.27"]
[EventType "team-swiss"]
[EventRounds "7"]
[EventCountry "GER"]
[SourceTitle "EXT 2008"]
[Source "ChessBase"]
[SourceDate "2007.11.25"]
[SourceVersion "1"]
[SourceVersionDate "2007.11.25"]
[SourceQuality "1"]
[WhiteTeam "Stadtilm Blau Weiss U20 Girls"]
[BlackTeam "Koenig Tegel U20 Girls"]
[WhiteTeamCountry "GER"]
[BlackTeamCountry "GER"]

1. Nc3 c5 2. e4 Nc6 3. g3 g6 4. Bg2 Bg7 5. f4 e6 6. Nf3 Nge7 7. 0-0 0-0 8. d3 Rb8 9. Be3 Nd4 10. Qd2 b5 11. Ne1 d6 12. Qf2 b4 13. Nd1 Qc7 14. c3 bxc3 15. bxc3 Nb5 16. d4 cxd4 17. cxd4 d5 18. e5 Ba6 19. Nf3 Rfc8 20. Re1 Na3 21. Rc1 Nc6 22. Bf1 Bxf1 23. Qxf1 Nc4 24. g4 Qa5 25. Qg2 Nb4 26. Re2 Nxe3 27. Rxc8+ Rxc8 28. Nxe3 Rc1+ 29. Kf2 Ra1 30. f5 Rxa2 31. Kg3 Bf8 32. fxg6 hxg6 33. h4 Qa6 34. Rxa2 Qxa2 35. Qg1 Qe2 36. h5 Nc2 37. Ng2 gxh5 38. gxh5 Bh6 39. Qb1 a6 40. Qb8+ Kg7 41. Qd8 Ne3 42. Nxe3 Qxe3 43. Qf6+ Kg8 44. Qd8+ Bf8 45. Qa8 Qd3 46. Qd8 Qf5 47. Qa8 Qxh5 48. Qxa6 Qg6+ 49. Kf2 Bh6 50. Qa2 Bf4 51. Qe2 Qg3+ 52. Kf1 Kg7 53. Qf2 Qxf2+ 54. Kxf2 Kg6 55. Ke2 Kf5 56. Kd3 Kg4 57. Ne1 Bg3 58. Nc2 Bf4 59. Na3 Kf5 60. Nc2 Bxe5 61. dxe5 Kxe5 62. Ke3 f6 63. Nd4 Kd6 64. Kd3 e5 65. Ne2 f5 66. Ke3 Ke6 67. Kd3 f4 68. Kd2 Kf5 0-1

[Event "GER-chT U20 Girls"]
[Site "Torgelow"]
[Date "2006.12.28"]
[Round "4.1"]
[White "Zhang, Fan"]
[Black "Hoffmann, Lena"]
[Result "1-0"]
[WhiteElo "2049"]
[BlackElo "1897"]
[PlyCount "81"]
[EventDate "2006.12.27"]
[EventType "team-swiss"]
[EventRounds "7"]
[EventCountry "GER"]
[SourceTitle "EXT 2008"]
[Source "ChessBase"]
[SourceDate "2007.11.25"]
[SourceVersion "1"]
[SourceVersionDate "2007.11.25"]
[SourceQuality "1"]
[WhiteTeam "Bochum SG 31 U20 Girls"]
[BlackTeam "Stadtilm Blau Weiss U20 Girls"]
[WhiteTeamCountry "GER"]
[BlackTeamCountry "GER"]

1. d4 d5 2. c4 e6 3. Nc3 Nf6 4. Bg5 Be7 5. e3 0-0 6. Nf3 c6 7. Rc1 Nbd7 8. Bd3 dxc4 9. Bxc4 Qc7 10. 0-0 Re8 11. a3 b5 12. Bd3 Qd8 13. Qe2 a6 14. Rfd1 Bb7 15. e4 Nh5 16. Be3 Nhf6 17. Bb1 Nb6 18. Bg5 Rc8 19. e5 Nfd5 20. Bxe7 Qxe7 21. Ne4 Red8 22. Nd6 Rb8 23. Nd2 f5 24. Nb3 Ba8 25. Nc5 a5 26. Na6 Qg5 27. Qd2 Nf4 28. g3 Nh3+ 29. Kf1 Qxd2 30. Rxd2 Ng5 31. Nxb8 Rxb8 32. Ba2 Nd5 33. Bxd5 exd5 34. Nxf5 Kf7 35. Nd6+ Ke7 36. Kg2 g6 37. f4 Ne6 38. b4 a4 39. f5 gxf5 40. Nxf5+ Kd7 41. Rf1 1-0

[Event "GER-ch U16 Girls"]
[Site "Willingen"]
[Date "2006.06.05"]
[Round "4"]
[White "Billing, Tanja"]
[Black "Hoffmann, Lena"]
[Result "1/2-1/2"]
[WhiteElo "1644"]
[BlackElo "1910"]
[PlyCount "96"]
[EventDate "2006.06.03"]
[EventType "swiss"]
[EventRounds "9"]
[EventCountry "GER"]
[SourceTitle "EXT 2007"]
[Source "ChessBase"]
[SourceDate "2006.11.23"]
[SourceVersion "1"]
[SourceVersionDate "2006.11.23"]
[SourceQuality "1"]

1. c4 e6 2. d4 d5 3. e3 Nf6 4. Nf3 Be7 5. Nc3 0-0 6. Bd3 dxc4 7. Bxc4 Nbd7 8. 0-0 a6 9. a3 b5 10. Ba2 Nb6 11. b4 Bb7 12. Qd3 Nbd5 13. Bb2 Nxc3 14. Bxc3 Be4 15. Qe2 Nd5 16. Bb2 Nb6 17. Ne5 Bd5 18. Bxd5 Qxd5 19. Rac1 Rac8 20. Qc2 Bd6 21. e4 Qa8 22. Qc6 Bxe5 23. dxe5 Nc4 24. Qxa8 Rxa8 25. Ba1 Rfd8 26. a4 Rd3 27. a5 Rad8 28. Bc3 R8d7 29. f3 Kf8 30. Rfe1 Ke7 31. Kf2 f6 32. exf6+ gxf6 33. Ke2 e5 34. Kf2 Ke6 35. Ke2 Nd2 36. Kf2 Nb3 37. Rc2 Nd4 38. Rcc1 Nb3 39. Rc2 Nd2 40. Ke2 Nc4 41. Kf2 Kd6 42. Ke2 Re3+ 43. Kf2 Rxe1 44. Bxe1 c5 45. Rc1 Kc6 46. Ke2 Rg7 47. Kf2 Rd7 48. Ke2 Rg7 1/2-1/2

[Event "GER-ch U25"]
[Site "Willingen"]
[Date "2005.05.19"]
[Round "8"]
[White "Hoffmann, Lena"]
[Black "Winter, Jonathan"]
[Result "1-0"]
[WhiteElo "1558"]
[BlackElo "1746"]
[PlyCount "63"]
[EventDate "2005.05.14"]
[EventType "swiss"]
[EventRounds "9"]
[EventCountry "GER"]
[SourceTitle "CBM 106 Extra"]
[Source "ChessBase"]
[SourceDate "2005.07.01"]
[SourceVersion "1"]
[SourceVersionDate "2005.07.01"]
[SourceQuality "1"]

1. Nc3 c6 2. d4 d6 3. g3 g6 4. Bg2 Bg7 5. f4 Nf6 6. e4 0-0 7. Nf3 Na6 8. h3 Nd7 9. 0-0 e5 10. dxe5 dxe5 11. f5 Qc7 12. g4 gxf5 13. exf5 f6 14. Be3 Nb6 15. b3 Nb4 16. Bc5 Rd8 17. Qc1 N4d5 18. Ne2 Nd7 19. Bf2 b6 20. c4 Nb4 21. Qc3 a5 22. a3 Na6 23. b4 Bb7 24. Ng3 axb4 25. axb4 Qd6 26. Rfd1 Qxb4 27. Qxb4 Nxb4 28. Rxa8 Bxa8 29. Bxb6 Nxb6 30. Rxd8+ Kf7 31. Rb8 Bf8 32. Ne4 1-0

[Event "GER-ch U25"]
[Site "Willingen"]
[Date "2005.05.17"]
[Round "5"]
[White "Gharibyan, Harutyun"]
[Black "Hoffmann, Lena"]
[Result "1-0"]
[WhiteElo "1746"]
[BlackElo "1558"]
[PlyCount "109"]
[EventDate "2005.05.14"]
[EventType "swiss"]
[EventRounds "9"]
[EventCountry "GER"]
[SourceTitle "CBM 106 Extra"]
[Source "ChessBase"]
[SourceDate "2005.07.01"]
[SourceVersion "1"]
[SourceVersionDate "2005.07.01"]
[SourceQuality "1"]

1. d4 d5 2. c4 e6 3. Nc3 Nf6 4. Bg5 Be7 5. e3 Nbd7 6. cxd5 exd5 7. Qc2 c6 8. Bd3 0-0 9. Nf3 Re8 10. 0-0 Nf8 11. h3 Ne4 12. Bxe7 Qxe7 13. Nd2 f5 14. Rfe1 Qg5 15. Nf3 Qf6 16. Ne5 Ng6 17. f4 Nxe5 18. dxe5 Qh6 19. Bxe4 fxe4 20. Qf2 Re6 21. Rf1 Bd7 22. Rad1 Rf8 23. Qe1 Rg6 24. Kh2 Rf5 25. Nxe4 Rf8 26. Ng3 Re6 27. Qc3 Bc8 28. f5 Ree8 29. e4 dxe4 30. Qc4+ Kh8 31. Qxe4 Qg5 32. h4 Qe7 33. Rde1 Qf7 34. e6 Qe7 35. Rf4 a6 36. Rg4 Qf6 37. Qe5 Qxe5 38. Rxe5 Re7 39. Rd4 h6 40. Ne4 Kh7 41. Nd6 b6 42. g4 c5 43. Rd3 a5 44. Nxc8 Rxc8 45. a4 Kg8 46. Kg3 c4 47. Rc3 Rec7 48. Kf4 Kf8 49. Ke4 Ke7 50. Rd5 g6 51. Ke5 gxf5 52. gxf5 Rc5 53. f6+ Kf8 54. Rg3 R5c7 55. e7+ 1-0

[Event "GER-chT U16"]
[Site "Dittrichshuette"]
[Date "2004.12.29"]
[Round "4"]
[White "Haense, Felix"]
[Black "Hoffmann, Lena"]
[Result "1-0"]
[WhiteElo "1688"]
[BlackElo "1664"]
[PlyCount "75"]
[EventDate "2004.12.27"]
[EventType "team"]
[EventRounds "6"]
[EventCountry "GER"]
[SourceTitle "EXT 2006"]
[Source "ChessBase"]
[SourceDate "2005.11.24"]
[SourceVersion "1"]
[SourceVersionDate "2005.11.24"]
[SourceQuality "1"]

1. Nf3 d5 2. g3 Nf6 3. Bg2 g6 4. 0-0 Bg7 5. d3 0-0 6. Nc3 Nc6 7. e4 d4 8. Ne2 e5 9. Ne1 Ne8 10. f4 f5 11. Nf3 fxe4 12. dxe4 Bg4 13. h3 Bxf3 14. Bxf3 Ne7 15. Qd3 Kh8 16. g4 c5 17. f5 Nd6 18. c4 Nc6 19. Bd2 gxf5 20. gxf5 Qh4 21. Kh2 Nf7 22. Rg1 Rg8 23. Rg4 Qe7 24. Rag1 Bf6 25. a3 Bg5 26. R1g2 Bxd2 27. Qxd2 Ng5 28. Rxg5 Rxg5 29. Qxg5 Qxg5 30. Rxg5 Na5 31. Nc1 Nxc4 32. Nd3 Re8 33. f6 b6 34. Kg2 Rg8 35. Rxg8+ Kxg8 36. Bh5 b5 37. f7+ Kf8 38. Nxc5 1-0

[Event "GER-chT Lands U20"]
[Site "Bad Sulza"]
[Date "2004.11.16"]
[Round "3.4"]
[White "Becker, Carsten Uwe"]
[Black "Hoffmann, Lena"]
[Result "1-0"]
[WhiteElo "1555"]
[BlackElo "1664"]
[PlyCount "63"]
[EventDate "2004.11.15"]
[EventType "team-swiss"]
[EventRounds "7"]
[EventCountry "GER"]
[SourceTitle "EXT 2006"]
[Source "ChessBase"]
[SourceDate "2005.11.24"]
[SourceVersion "1"]
[SourceVersionDate "2005.11.24"]
[SourceQuality "1"]

1. d4 d5 2. c4 e6 3. Nf3 Nf6 4. Bg5 Be7 5. Nc3 0-0 6. e3 Nbd7 7. Bd3 dxc4 8. Bxc4 Re8 9. 0-0 c6 10. Qc2 h6 11. Bh4 Nd5 12. Bg3 b5 13. Bxd5 exd5 14. Nxb5 Ba6 15. Qxc6 Bxb5 16. Qxb5 Nb6 17. Rfc1 Nc4 18. Rc3 Bd6 19. Qxd5 Bxg3 20. Qxc4 Bd6 21. Rac1 Rb8 22. Rb3 Rc8 23. Qxc8 Qxc8 24. Rxc8 Rxc8 25. Rc3 Rb8 26. b3 f6 27. Kf1 Kf7 28. Ke2 Ke6 29. h3 Kd5 30. Kd3 Re8 31. Nd2 f5 32. f3 1-0

[Event "GER-chT Lands U20"]
[Site "Bad Sulza"]
[Date "2004.11.16"]
[Round "2.4"]
[White "Hoffmann, Lena"]
[Black "Koelsch, Maximilian"]
[Result "0-1"]
[WhiteElo "1664"]
[BlackElo "2083"]
[PlyCount "116"]
[EventDate "2004.11.15"]
[EventType "team-swiss"]
[EventRounds "7"]
[EventCountry "GER"]
[SourceTitle "EXT 2006"]
[Source "ChessBase"]
[SourceDate "2005.11.24"]
[SourceVersion "1"]
[SourceVersionDate "2005.11.24"]
[SourceQuality "1"]

1. e4 c5 2. Nc3 e6 3. g3 Nc6 4. Bg2 g6 5. f4 Bg7 6. Nf3 Nge7 7. 0-0 0-0 8. d3 d6 9. Be3 Nd4 10. Rb1 Qa5 11. Nd2 Nec6 12. a3 Rb8 13. g4 f5 14. exf5 gxf5 15. g5 Bd7 16. Na2 Ne7 17. c3 Ndc6 18. Nf3 Nd5 19. Bd2 Qa6 20. Qc2 b5 21. Nc1 Qb6 22. Ne2 a5 23. c4 Nc7 24. b3 b4 25. a4 Rbe8 26. Rbd1 e5 27. Bh3 Ne6 28. Rde1 e4 29. dxe4 fxe4 30. Bxe6+ Rxe6 31. Nh4 Nd4 32. Nxd4 Bxd4+ 33. Be3 Bc6 34. f5 Re5 35. Qg2 Qd8 36. Kh1 Kh8 37. g6 Qf6 38. Bg5 Qg7 39. f6 Qd7 40. f7 Rxg5 41. Qxg5 e3+ 42. Ng2 Kg7 43. gxh7+ Kxh7 44. Qh5+ Kg7 45. Re2 Rxf7 46. Rxf7+ Qxf7 47. Qxf7+ Kxf7 48. Kg1 Bf3 49. Nf4 Kf6 50. Kf1 Kf5 51. Ng2 Ke4 52. Ne1 Bg4 53. Rg2 Bh3 54. Ke2 Be5 55. Rg8 Be6 56. Rg6 Bf5 57. Rg5 Bf4 58. Rg8 Bxh2 0-1

[Event "GER-ch U14 Girls"]
[Site "Willingen"]
[Date "2004.05.30"]
[Round "2"]
[White "Baessler, Maike"]
[Black "Hoffmann, Lena"]
[Result "0-1"]
[WhiteElo "884"]
[BlackElo "1589"]
[PlyCount "104"]
[EventDate "2004.06.??"]
[EventType "swiss"]
[EventRounds "9"]
[EventCountry "GER"]
[SourceTitle "EXT 2005"]
[Source "ChessBase"]
[SourceDate "2004.11.15"]
[SourceVersion "1"]
[SourceVersionDate "2004.11.15"]
[SourceQuality "1"]

1. e4 c5 2. Nf3 d6 3. d4 cxd4 4. Nxd4 Nf6 5. Nc3 a6 6. Be3 e5 7. Nf3 Be7 8. Be2 Be6 9. 0-0 0-0 10. Qd2 Nc6 11. Rad1 Qc7 12. Rfe1 Rfd8 13. Na4 Nd7 14. b3 b5 15. Nc3 Nc5 16. Qc1 b4 17. Na4 Nxa4 18. bxa4 Qa5 19. Qb2 Qxa4 20. c4 bxc3 21. Qxc3 d5 22. exd5 Bxd5 23. Nxe5 Bb4 24. Qb2 Bxe1 25. Nxc6 Qxc6 26. Rxe1 Bxg2 27. Qe5 Qg6 28. Bh5 Qe4 29. Qg5 Qd5 30. Qxg2 Qxh5 31. Bg5 Re8 32. Rxe8+ Rxe8 33. h3 Qd1+ 34. Kh2 Qd6+ 35. Qg3 Qxg3+ 36. fxg3 Re2+ 37. Kg1 Rxa2 38. Kf1 f6 39. Be3 Kf7 40. Ke1 Ke6 41. Kd1 Kd5 42. Kc1 Ke4 43. Bf4 g6 44. Bb8 Rh2 45. Kd1 Rxh3 46. Ke2 Rh2+ 47. Kf1 Kf3 48. Kg1 Rg2+ 49. Kh1 Rxg3 50. Bd6 Rg4 51. Be7 Kf2 52. Bxf6 Rh4+ 0-1

[Event "GER-ch U12"]
[Site "Winterberg"]
[Date "2002.05.24"]
[Round "10"]
[White "Hoffmann, Lena"]
[Black "Fichter, Fabian"]
[Result "1/2-1/2"]
[WhiteElo "1239"]
[BlackElo "1528"]
[PlyCount "64"]
[EventDate "2002.05.19"]
[EventType "swiss"]
[EventRounds "11"]
[EventCountry "GER"]
[SourceTitle "CBM 088 Extra"]
[Source "ChessBase"]
[SourceDate "2002.07.01"]
[SourceVersion "2"]
[SourceVersionDate "2002.07.01"]
[SourceQuality "1"]

1. e4 c5 2. Nf3 d6 3. d4 cxd4 4. Nxd4 Nf6 5. Nc3 a6 6. f3 e6 7. Be3 b5 8. a3 Bb7 9. Qd2 Nbd7 10. 0-0-0 Rc8 11. g4 h6 12. h4 Ne5 13. h5 Be7 14. Kb1 Qc7 15. Kc1 Nc4 16. Bxc4 Qxc4 17. Qe2 Nd7 18. Qxc4 Rxc4 19. Nb3 Ne5 20. Rhf1 Rc7 21. Bd4 Bf6 22. Na2 d5 23. Bxe5 Bxe5 24. f4 Bd6 25. e5 Be7 26. Nd4 Kd7 27. b4 Rhc8 28. c3 Rc4 29. Kb2 Rf8 30. Kc2 Bc6 31. Rd3 Bb7 32. Nc1 Bd8 1/2-1/2